| 000 | 00542nam a22001817a 4500 | ||
|---|---|---|---|
| 003 | OSt | ||
| 005 | 20140506111219.0 | ||
| 008 | 130308t xxu||||| |||| 00| 0 eng d | ||
| 020 | _a9781405892315 | ||
| 050 |
_aHF 1002 _b.H175 2010 |
||
| 100 | _aHall, Dave. | ||
| 245 |
_aBusiness studies / _cDave Hall, Rob Jones and Carlo Raffo ; edited by Ian Chambers and Dave Gray |
||
| 250 | _a4th Ed. | ||
| 260 |
_aHarlow, Essex : _bPearson Education, _c2010. |
||
| 300 |
_a812 p. : _bcol. : ill. ; _c27 cm . |
||
| 942 |
_2lcc _cBK |
||
| 999 |
_c115802 _d115802 |
||